| 000 | 00951nam a2200265 a 4500 | ||
|---|---|---|---|
| 001 | 000011255 | ||
| 003 | DO-SdBNP | ||
| 005 | 20211126110005.0 | ||
| 008 | 091015s2006 dr ab 001 0 spa d | ||
| 040 |
_aDO-SdBNP _bspa _cBNPHU |
||
| 082 | 4 |
_a972.9385 _bH565h _222 |
|
| 100 | 1 |
_aHerrera, Milciades _926821 |
|
| 245 | 1 | 0 |
_aHigüey ... 50 años después / _cMilciades Herrera. |
| 260 |
_aHigüey : _bJuan XXIII, _c2006. |
||
| 300 |
_a271 p. : _bil., mapa ; _c20 cm. |
||
| 500 | _aBibliografía : p. 269 | ||
| 590 | _aLa biblioteca posee 2 ejemplares autografiados | ||
| 590 | _aInventariado, 2020/MFF | ||
| 650 | 4 |
_aHiguey (República Dominicana) _xVida social y costumbres _926823 |
|
| 650 | 4 |
_aHiguey (República Dominicana) _xBiografías _926824 |
|
| 650 | 4 |
_aCiudades y pueblos _zRepública Dominicana _9784 |
|
| 651 | 4 |
_aHiguey (República Dominicana) _xHistoria local _926822 |
|
| 910 | _aValidado. Control de calidad MFF | ||
| 942 |
_2ddc _cLBS1 |
||
| 999 |
_c10973 _d10973 |
||